Двухкритериальный анализ оптимальности выбора конфигурации объектов возобновляемой генерации; Молодые исследователи - регионам; Т. 1

מידע ביבליוגרפי
Parent link:Молодые исследователи - регионам: материалы Международной научной конференции, Вологда, 20-21 Апреля 2021.— , 2021
Т. 1.— 2021.— [С. 57-58]
מחבר ראשי: Малькова Я. Ю. Яна Юрьевна
מחברים אחרים: Уфа Р. А. Руслан Александрович (научный руководитель)
סיכום:Заглавие с экрана
שפה:רוסית
יצא לאור: 2021
נושאים:
גישה מקוונת:https://regconf.vogu35.ru/index.php/component/phocadownload/category/5-sborniki-otdelno?download=74:tom-1
פורמט: MixedMaterials אלקטרוני Book Chapter
KOHA link:https://koha.lib.tpu.ru/cgi-bin/koha/opac-detail.pl?biblionumber=665432

MARC

LEADER 00000naa0a2200000 4500
001 665432
005 20251204071624.0
035 |a (RuTPU)RU\TPU\network\36631 
035 |a RU\TPU\network\34816 
090 |a 665432 
100 |a 20210927d2021 k||y0rusy50 ca 
101 0 |a rus 
102 |a RU 
135 |a drnn ---uucaa 
181 0 |a i  
182 0 |a b 
200 1 |a Двухкритериальный анализ оптимальности выбора конфигурации объектов возобновляемой генерации  |f Я. Ю. Малькова  |g науч. рук. Р. А. Уфа 
203 |a Текст  |c электронный 
300 |a Заглавие с экрана 
320 |a [Библиогр.: 2 назв.] 
461 |t Молодые исследователи - регионам  |o материалы Международной научной конференции, Вологда, 20-21 Апреля 2021  |o в 3 т.  |d 2021 
463 |t Т. 1  |v [С. 57-58]  |d 2021 
610 1 |a электронный ресурс 
610 1 |a труды учёных ТПУ 
700 1 |a Малькова  |b Я. Ю.  |c специалист в области электроэнергетики  |c ассистент кафедры Томского политехнического университета  |f 1996-  |g Яна Юрьевна  |y Томск  |3 (RuTPU)RU\TPU\pers\47178  |9 22758 
702 1 |a Уфа  |b Р. А.  |c специалист в области электроэнергетики  |c доцент Томского политехнического университета, кандидат технических наук  |f 1988-  |g Руслан Александрович  |3 (RuTPU)RU\TPU\pers\30313  |4 727  |9 14658 
801 2 |a RU  |b 63413507  |c 20220411  |g RCR 
856 4 |u https://regconf.vogu35.ru/index.php/component/phocadownload/category/5-sborniki-otdelno?download=74:tom-1 
942 |c CF